| 000 | 00726nam a2200229 a 4500 | ||
|---|---|---|---|
| 999 |
_c2834 _d2834 |
||
| 001 | 2834 | ||
| 003 | BD-JhCC | ||
| 005 | 20171210111504.0 | ||
| 008 | 171107s1965 bg a|||| ||a| 000 0 ben d | ||
| 035 | _a(BD-JhCC)2834 | ||
| 040 |
_aBD-JhCC _dBD-JhCC |
||
| 041 | _aben | ||
| 082 |
_a491.445 _bUDD 1965 |
||
| 100 | _aউদ্দিন, বোরহান | ||
| 245 |
_aJunior Bengali Composition / _cবোরহান উদ্দিন, মো: বরকত উল্যা |
||
| 260 |
_aঢাকা : _bইষ্টার্ণ লাইব্রেরী, _c1965 |
||
| 300 |
_a174 p. ; _c18 cm. |
||
| 650 | _aBengali Grammar | ||
| 700 | _a উল্যা, মো: বরকত | ||
| 942 |
_2ddc _cBK |
||